Новый американский фильм Серенада Солнечной долины (Запись № 11472742)

Подробности
000 -МАРКЕР
контрольное поле 03310nam0a2200529 4500
001 - ИДЕНТИФИКАТОР ЗАПИСИ
контрольное поле RU\NLR\BIBL_A\012015679
005 - ИДЕНТИФИКАТОР ВЕРСИИ
контрольное поле 20260408111630.0
020 ## - НОМЕР ДОКУМЕНТА В НАЦИОНАЛЬНОЙ БИБЛИОГРАФИИ
Код страны Российская Федерация
Основное заглавие издания Российской книжной палаты Ленинград в Великой Отечественной войне. Коллекция. Афиши
035 ## - ДРУГИЕ СИСТЕМНЫЕ НОМЕРА
Идентификатор записи (NLR Aleph) 012015679
100 ## - ДАННЫЕ ОБЩЕЙ ОБРАБОТКИ
Данные общей обработки 20190520d1944 u y0rusy50 ca
101 0# - ЯЗЫК РЕСУРСА
Язык текста, звукозаписи и т.д. русский
102 ## - СТРАНА ПУБЛИКАЦИИ ИЛИ ПРОИЗВОДСТВА
Страна публикации Российская Федерация
105 ## - ПОЛЕ КОДИРОВАННЫХ ДАННЫХ: ТЕКСТОВЫЕ МАТЕРИАЛЫ, МОНОГРАФИЧЕСКИЕ
Кодированные данные о монографическом текстовом документе y z 000zy
135 ## - ПОЛЕ КОДИРОВАННЫХ ДАННЫХ: ЭЛЕКТРОННЫЕ РЕСУРСЫ
Кодированные данные для электронного ресурса crcn 024anaba
200 1# - ЗАГЛАВИЕ И СВЕДЕНИЯ ОБ ОТВЕТСТВЕННОСТИ
Основное заглавие Новый американский фильм Серенада Солнечной долины
Сведения, относящиеся к заглавию в главных ролях: Соня Хенни и Джон Рэин. Джаз-оркестр пу Гленн Миллер. [Худож.] А. Васильев
-- Производство "Фокс XX век". Выпуск "Главкинопрокат, 1944 г."
-- [афиша]
210 ## - ПУБЛИКАЦИЯ, РАСПРОСТРАНЕНИЕ И ДР.
Место издания, распространения и т.д. [Ленинград]
Имя издателя, распространителя и т. д. Главкинопрокат
Дата издания, распространения и т.д. 1944
215 ## - ФИЗИЧЕСКАЯ ХАРАКТЕРИСТИКА
Специфическое обозначение материала и объем 1 л.
Размеры 56х79
316 ## - ПРИМЕЧАНИЯ ОБ ОСОБЕННОСТЯХ ЭКЗЕМПЛЯРА
Текст примечания Экз деф.: оборвал правый край афиши с частичной потерей текста
Организация и экземпляр, к которому относится поле NLR
325 ## - ПРИМЕЧАНИЕ О КОПИИ
Текст примечания Копия доступна в Электрон. б-ке РНБ
517 1# - ДРУГИЕ ВАРИАНТЫ ЗАГЛАВИЯ
Вариант заглавия Серенада Солнечной долины
606 1# - НАИМЕНОВАНИЕ ТЕМЫ КАК ПРЕДМЕТ
Наименование темы Театральная жизнь
Формальный подзаголовок Афиши
Географический подзаголовок Ленинград, город
Хронологический подзаголовок 1941 - 1944
Системный номер авторитетной/нормативной записи 2398624
Идентификатор авторитетной/нормативной записи RU\NLR\AUTH\6601649837
686 ## - ИНДЕКСЫ ДРУГИХ КЛАССИФИКАЦИЙ
Индекс Щ333(2Р=Рус)7- 692Ленинград
702 #1 - ИМЯ ЛИЦА - ВТОРИЧНАЯ ОТВЕТСТВЕННОСТЬ
Код отношения Актер
Графика поля Кириллица
Материалы, к которым относится поле rus
Начальный элемент ввода Хени
Часть имени, кроме начального элемента ввода С.
Дополнения к именам, кроме дат фигуристка, актриса
Даты 1912-1969
Расширение инициалов личного имени Соня
Системный номер авторитетной/нормативной записи 206434
Идентификатор авторитетной/нормативной записи RU\NLR\AUTH\770206486
702 #1 - ИМЯ ЛИЦА - ВТОРИЧНАЯ ОТВЕТСТВЕННОСТЬ
Код отношения Актер
Графика поля Кириллица
Материалы, к которым относится поле rus
Начальный элемент ввода Пейн
Часть имени, кроме начального элемента ввода Д.
Дополнения к именам, кроме дат американ. актер
Даты 1912-1989
Расширение инициалов личного имени Джон
Системный номер авторитетной/нормативной записи 206436
Идентификатор авторитетной/нормативной записи RU\NLR\AUTH\770206488
702 #1 - ИМЯ ЛИЦА - ВТОРИЧНАЯ ОТВЕТСТВЕННОСТЬ
Код отношения Дирижер, Руководитель оркестра
Начальный элемент ввода Миллер
Часть имени, кроме начального элемента ввода Г.
Дополнения к именам, кроме дат американ. музыкант
Даты 1904-1944
Расширение инициалов личного имени Гленн
Системный номер авторитетной/нормативной записи 206444
Идентификатор авторитетной/нормативной записи RU\NLR\AUTH\770206496
702 #1 - ИМЯ ЛИЦА - ВТОРИЧНАЯ ОТВЕТСТВЕННОСТЬ
Код отношения Карикатурист, Художник
Начальный элемент ввода Васильев
Часть имени, кроме начального элемента ввода А. С.
Дополнения к именам, кроме дат художник, график
Даты 1910-1967
Расширение инициалов личного имени Анатолий Сергеевич
Системный номер авторитетной/нормативной записи 206669
Идентификатор авторитетной/нормативной записи RU\NLR\AUTH\770206721
711 02 - НАИМЕНОВАНИЕ ОРГАНИЗАЦИИ - АЛЬТЕРНАТИВНАЯ ОТВЕТСТВЕННОСТЬ
Начальный элемент ввода Оркестр Гленна Миллера
Идентифицирующий признак США
Системный номер авторитетной/нормативной записи 650572
Идентификатор авторитетной/нормативной записи RU\NLR\AUTH\8810074311
711 02 - НАИМЕНОВАНИЕ ОРГАНИЗАЦИИ - АЛЬТЕРНАТИВНАЯ ОТВЕТСТВЕННОСТЬ
Начальный элемент ввода "Двадцатый век Фокс", киностудия
Идентифицирующий признак США
Системный номер авторитетной/нормативной записи 661834
Идентификатор авторитетной/нормативной записи RU\NLR\AUTH\880501003
711 02 - НАИМЕНОВАНИЕ ОРГАНИЗАЦИИ - АЛЬТЕРНАТИВНАЯ ОТВЕТСТВЕННОСТЬ
Начальный элемент ввода Ленинградская городская контора кинопроката
Системный номер авторитетной/нормативной записи 383766
Идентификатор авторитетной/нормативной записи RU\NLR\AUTH\880358120
852 ## - МЕСТОНАХОЖДЕНИЕ И ШИФР ХРАНЕНИЯ
Идентификатор организации NLR
Шифр хранения (Call Number) Л3-330а/к/ф/1/1944-21а
856 #0 - МЕСТОНАХОЖДЕНИЕ ЭЛЕКТРОННЫХ РЕСУРОВ И ДОСТУП К НИМ
Универсальный идентификатор ресурса (Uniform Resource Identifier) http://vivaldi.nlr.ru/ll000010883/view
856 #1 - МЕСТОНАХОЖДЕНИЕ ЭЛЕКТРОННЫХ РЕСУРОВ И ДОСТУП К НИМ
Универсальный идентификатор ресурса (Uniform Resource Identifier) http://vivaldi.nlr.ru/ll000010883/cover
856 #2 - МЕСТОНАХОЖДЕНИЕ ЭЛЕКТРОННЫХ РЕСУРОВ И ДОСТУП К НИМ
Универсальный идентификатор ресурса (Uniform Resource Identifier) http://vivaldi.nlr.ru/ll000010883/text
942 ## - ДОПОЛНИТЕЛЬНЫЕ ЭЛЕМЕНТЫ ЗАПИСИ (АБИС)
Тип экземпляра АБИС Визуальный материал
945 ## - Информацию об издании предоставили:
Полное название организации, предоставившей материал Российская национальная библиотека
980 ## - КОЛЛЕКЦИЯ
Название коллекции Национальная библиография
980 ## - КОЛЛЕКЦИЯ
Название коллекции Библиография Победы
980 3# - КОЛЛЕКЦИЯ
Название коллекции КП2019 Ленинград в Великой Отечественной войне
980 3# - КОЛЛЕКЦИЯ
Название коллекции Книжные памятники РНБ
981 37 - КОЛЛЕКЦИЯ ЭЛЕКТРОННОЙ БИБЛИОТЕКИ
Название коллекции Ленинград в Великой Отечественной войне
Название подколлекции Афиши блокадного Ленинграда

Нет доступных экземпляров.